[Event "WCO2014"]
[Site "Tromso"]
[Date "2014.08.09"]
[Round "7.22"]
[WhiteID "10600906"]
[White "Ezat Mohamed"]
[BlackID "1510045"]
[Black "Tari Aryan"]
[Result "1-0"]
[LiveChessVersion "1.4.3"]
[BlackElo "2440"]
[WhiteElo "2466"]

1. d4 {[%clk 1:30:54]} Nf6 {[%clk 1:30:46]} 2. c4 {[%clk 1:31:14]} e6
{[%clk 1:31:07]} 3. Nf3 {[%clk 1:31:37]} Bb4+ {[%clk 1:31:29]} 4. Bd2
{[%clk 1:32:00]} a5 {[%clk 1:31:54]} 5. Nc3 {[%clk 1:32:19]} b6 {[%clk 1:31:44]}
6. Qc2 {[%clk 1:32:28]} Bb7 {[%clk 1:31:43]} 7. e3 {[%clk 1:32:51]} d6
{[%clk 1:30:59]} 8. Bd3 {[%clk 1:26:47]} Nbd7 {[%clk 1:31:10]} 9. a3
{[%clk 1:26:29]} Bxc3 {[%clk 1:30:40]} 10. Bxc3 {[%clk 1:26:49]} Qe7
{[%clk 1:21:02]} 11. Nd2 {[%clk 1:09:38]} e5 {[%clk 1:13:25]} 12. O-O
{[%clk 1:09:33]} e4 {[%clk 1:03:37]} 13. Be2 {[%clk 1:09:58]} a4 {[%clk 1:03:34]}
14. b3 {[%clk 0:53:40]} axb3 {[%clk 1:01:44]} 15. Nxb3 {[%clk 0:54:06]} Bc6
{[%clk 1:00:24]} 16. a4 {[%clk 0:53:17]} Bxa4 {[%clk 0:57:08]} 17. Qd2
{[%clk 0:30:02]} Bc6 {[%clk 0:54:44]} 18. d5 {[%clk 0:29:26]} Bb7
{[%clk 0:48:08]} 19. Rxa8+ {[%clk 0:29:51]} Bxa8 {[%clk 0:48:35]} 20. Ra1
{[%clk 0:29:52]} O-O {[%clk 0:48:52]} 21. Ra7 {[%clk 0:30:12]} Qd8
{[%clk 0:47:30]} 22. Nd4 {[%clk 0:25:38]} Nc5 {[%clk 0:45:31]} 23. Qb2
{[%clk 0:22:08]} Qb8 {[%clk 0:34:30]} 24. Nf5 {[%clk 0:18:00]} Ncd7
{[%clk 0:33:19]} 25. Qa1 {[%clk 0:14:44]} Re8 {[%clk 0:32:33]} 26. h3
{[%clk 0:07:21]} Ne5 {[%clk 0:25:16]} 27. f4 {[%clk 0:03:57]} exf3
{[%clk 0:22:38]} 28. gxf3 {[%clk 0:04:24]} Bb7 {[%clk 0:13:58]} 29. f4
{[%clk 0:04:35]} Ned7 {[%clk 0:14:16]} 30. Bg4 {[%clk 0:04:07]} Nxg4
{[%clk 0:13:19]} 31. Bxg7 {[%clk 0:00:49]} Nge5 {[%clk 0:11:52]} 32. fxe5
{[%clk 0:01:07]} Nxe5 {[%clk 0:10:18]} 33. Ra2 {[%clk 0:01:03]} Bc8
{[%clk 0:10:18]} 34. Rg2 {[%clk 0:00:54]} Bxf5 {[%clk 0:09:26]} 35. Bxe5+
{[%clk 0:01:20]} Bg6 {[%clk 0:09:22]} 36. Bh8 {[%clk 0:01:35]} Kf8
{[%clk 0:09:51]} 37. Bg7+ {[%clk 0:00:33]} Ke7 {[%clk 0:09:13]} 38. Bf6+
{[%clk 0:00:40]} Kd7 {[%clk 0:07:00]} 39. Qa4+ {[%clk 0:01:09]} b5
{[%clk 0:07:24]} 40. cxb5 {[%clk 0:01:38]} Re4 {[%clk 0:07:19]} 41. Qc2
{[%clk 0:23:17]} Qb6 {[%clk 0:29:21]} 42. Rxg6 {[%clk 0:22:45]} Qxe3+
{[%clk 0:26:23]} 43. Kh2 {[%clk 0:22:58]} Qf4+ {[%clk 0:25:54]} 44. Rg3
{[%clk 0:23:04]} Rc4 {[%clk 0:25:54]} 45. Qe2 {[%clk 0:23:14]} Rc5
{[%clk 0:24:30]} 46. Bg5 {[%clk 0:14:53]} Qf5 {[%clk 0:22:34]} 47. Rg2
{[%clk 0:10:13]} Qxd5 {[%clk 0:19:57]} 48. Qe7+ {[%clk 0:07:34]} Kc8
{[%clk 0:20:26]} 49. b6 {[%clk 0:07:54]} Qe5+ {[%clk 0:15:23]} 50. Qxe5
{[%clk 0:08:17]} dxe5 {[%clk 0:15:50]} 51. bxc7 {[%clk 0:07:08]} f5
{[%clk 0:15:13]} 52. Bd8 {[%clk 0:04:38]} Kd7 {[%clk 0:12:15]} 53. Ra2
{[%clk 0:02:51]} f4 {[%clk 0:12:04]} 54. Ra8 {[%clk 0:02:25]} Rc2+
{[%clk 0:12:01]} 55. Kg1 {[%clk 0:02:42]} e4 {[%clk 0:12:22]} 56. c8=Q+
{[%clk 0:01:56]} Rxc8 {[%clk 0:12:46]} 57. Rxc8 {[%clk 0:02:18]} Kxc8
{[%clk 0:13:10]} 58. Bg5 {[%clk 0:02:39]} f3 {[%clk 0:13:36]} 59. Kf2
{[%clk 0:02:20]} Kd7 {[%clk 0:14:01]} 60. Ke3 {[%clk 0:02:47]} Ke6
{[%clk 0:14:25]} 61. Bh4 {[%clk 0:02:55]} Ke5 {[%clk 0:14:13]} 62. Bf2
{[%clk 0:02:55]} Kf5 {[%clk 0:14:26]} 63. Bg3 {[%clk 0:03:19]} h6
{[%clk 0:14:52]} 64. Bf2 {[%clk 0:02:37]} Ke5 {[%clk 0:15:04]} 65. Be1
{[%clk 0:02:53]} h5 {[%clk 0:14:30]} 66. Bh4 {[%clk 0:03:07]} Kd5
{[%clk 0:13:54]} 67. Bg3 {[%clk 0:03:29]} f2 {[%clk 0:13:46]} 68. Bxf2
{[%clk 0:03:49]} Ke5 {[%clk 0:14:08]} 69. Bh4 {[%clk 0:04:02]} Kf5
{[%clk 0:14:25]} 70. Bg3 {[%clk 0:04:26]} h4 {[%clk 0:14:47]} 71. Bxh4
{[%clk 0:04:07]} Ke5 {[%clk 0:15:13]} 72. Bg3+ {[%clk 0:04:54]} Kf5
{[%clk 0:15:38]} 73. Bf4 {[%clk 0:05:11]} 1-0

[Event "WCO2014"]
[Site "Tromso"]
[Date "2014.08.09"]
[Round "7.21"]
[WhiteID "1509500"]
[White "Salomon Johan"]
[BlackID "10600140"]
[Black "El Gindy Essam"]
[Result "1-0"]
[LiveChessVersion "1.4.3"]
[BlackElo "2486"]
[WhiteElo "2353"]

1. e4 d6 {[%clk 1:30:21]} 2. d4 {[%clk 1:31:18]} Nf6 {[%clk 1:30:47]} 3. Nc3
{[%clk 1:30:29]} e5 {[%clk 1:31:11]} 4. Nf3 {[%clk 1:30:48]} Nbd7
{[%clk 1:31:12]} 5. Bc4 {[%clk 1:30:13]} Be7 {[%clk 1:30:39]} 6. O-O
{[%clk 1:29:41]} O-O {[%clk 1:25:45]} 7. a4 {[%clk 1:28:39]} a6 {[%clk 1:24:41]}
8. a5 {[%clk 1:28:32]} b5 {[%clk 1:21:04]} 9. axb6 {[%clk 1:28:43]} cxb6
{[%clk 1:21:16]} 10. Re1 {[%clk 1:26:36]} Bb7 {[%clk 1:21:12]} 11. d5
{[%clk 1:15:45]} g6 {[%clk 1:16:21]} 12. Bh6 {[%clk 1:10:23]} Re8
{[%clk 1:16:35]} 13. Na2 {[%clk 0:58:11]} Nc5 {[%clk 1:13:11]} 14. Nd2
{[%clk 0:57:25]} Qc8 {[%clk 1:12:45]} 15. f3 {[%clk 0:53:58]} Nh5
{[%clk 1:11:49]} 16. Be3 {[%clk 0:51:31]} b5 {[%clk 0:56:22]} 17. Bf1
{[%clk 0:48:43]} Na4 {[%clk 0:56:27]} 18. Rb1 {[%clk 0:40:53]} Bd8
{[%clk 0:50:45]} 19. c4 {[%clk 0:33:35]} Bb6 {[%clk 0:50:02]} 20. Qb3
{[%clk 0:33:11]} Qd8 {[%clk 0:39:42]} 21. Bxb6 {[%clk 0:23:41]} Qxb6+
{[%clk 0:35:03]} 22. Qe3 {[%clk 0:24:06]} Rec8 {[%clk 0:33:42]} 23. Qxb6
{[%clk 0:23:38]} Nxb6 {[%clk 0:34:08]} 24. cxb5 {[%clk 0:18:41]} axb5
{[%clk 0:30:08]} 25. Nc3 {[%clk 0:19:06]} b4 {[%clk 0:17:22]} 26. Nb5
{[%clk 0:19:24]} Rc2 {[%clk 0:17:45]} 27. Nb3 {[%clk 0:16:16]} Ba6
{[%clk 0:06:37]} 28. Nxd6 {[%clk 0:16:09]} Nf4 {[%clk 0:05:25]} 29. g3
{[%clk 0:16:03]} Bxf1 {[%clk 0:04:22]} 30. Kxf1 {[%clk 0:15:41]} Nh5
{[%clk 0:01:04]} 31. Re2 {[%clk 0:15:18]} Rc7 {[%clk 0:01:30]} 32. Rc1
{[%clk 0:13:34]} Rxc1+ {[%clk 0:01:21]} 33. Nxc1 {[%clk 0:14:03]} Ra1
{[%clk 0:01:30]} 34. Re1 {[%clk 0:13:56]} Ra6 {[%clk 0:01:24]} 35. Nb7
{[%clk 0:12:22]} Ra7 {[%clk 0:01:17]} 36. Nd8 {[%clk 0:11:59]} Nd7
{[%clk 0:01:20]} 37. Nc6 {[%clk 0:12:21]} Rb7 {[%clk 0:01:09]} 38. Nd3
{[%clk 0:12:41]} f6 {[%clk 0:00:35]} 39. Ndxb4 {[%clk 0:12:27]} Kf7
{[%clk 0:00:35]} 40. Nd8+ {[%clk 0:12:51]} 1-0

[Event "WCO2014"]
[Site "Tromso"]
[Date "2014.08.09"]
[Round "7.17"]
[WhiteID "2205530"]
[White "Vallejo Pons Francisco"]
[BlackID "1710400"]
[Black "Grandelius Nils"]
[Result "1-0"]
[LiveChessVersion "1.4.3"]
[BlackElo "2571"]
[WhiteElo "2698"]

1. d4 {[%clk 1:30:54]} Nf6 {[%clk 1:30:39]} 2. c4 {[%clk 1:31:18]} g6
{[%clk 1:30:11]} 3. f3 {[%clk 1:31:31]} Nc6 {[%clk 1:28:33]} 4. d5
{[%clk 1:29:52]} Ne5 {[%clk 1:28:58]} 5. e4 {[%clk 1:30:02]} d6 {[%clk 1:29:24]}
6. Nc3 {[%clk 1:29:16]} Bg7 {[%clk 1:28:29]} 7. Be2 {[%clk 1:28:49]} O-O
{[%clk 1:23:48]} 8. f4 {[%clk 1:28:33]} Ned7 {[%clk 1:24:13]} 9. Be3
{[%clk 1:28:10]} c6 {[%clk 1:19:58]} 10. Nf3 {[%clk 1:24:57]} Ng4
{[%clk 1:16:36]} 11. Bd4 {[%clk 1:21:02]} Bxd4 {[%clk 1:16:21]} 12. Qxd4
{[%clk 1:20:21]} Qb6 {[%clk 1:15:18]} 13. Qxb6 {[%clk 1:14:47]} Nxb6
{[%clk 1:07:25]} 14. b3 {[%clk 1:04:19]} f5 {[%clk 0:49:33]} 15. Nd4
{[%clk 0:51:52]} fxe4 {[%clk 0:33:42]} 16. dxc6 {[%clk 0:48:51]} Ne3
{[%clk 0:33:53]} 17. Kf2 {[%clk 0:43:49]} Nf5 {[%clk 0:33:09]} 18. Nxf5
{[%clk 0:40:39]} gxf5 {[%clk 0:30:31]} 19. Nd5 {[%clk 0:28:24]} Rf7
{[%clk 0:26:32]} 20. Bh5 {[%clk 0:26:21]} bxc6 {[%clk 0:23:55]} 21. Bxf7+
{[%clk 0:26:31]} Kxf7 {[%clk 0:24:24]} 22. Ne3 {[%clk 0:23:32]} Be6
{[%clk 0:24:45]} 23. g4 {[%clk 0:19:26]} fxg4 {[%clk 0:24:00]} 24. f5
{[%clk 0:16:23]} Bc8 {[%clk 0:24:23]} 25. h3 {[%clk 0:13:51]} g3+
{[%clk 0:16:21]} 26. Kxg3 {[%clk 0:14:20]} Nd7 {[%clk 0:16:44]} 27. Kf4
{[%clk 0:13:10]} Bb7 {[%clk 0:14:34]} 28. Rhg1 {[%clk 0:11:58]} Nc5
{[%clk 0:07:29]} 29. Ng4 {[%clk 0:08:05]} Rf8 {[%clk 0:04:39]} 30. b4
{[%clk 0:04:30]} Nd3+ {[%clk 0:04:14]} 31. Kxe4 {[%clk 0:04:19]} Nxb4
{[%clk 0:04:43]} 32. c5 {[%clk 0:02:36]} Ba6 {[%clk 0:05:12]} 33. Nh6+
{[%clk 0:02:24]} Kf6 {[%clk 0:05:40]} 34. Ng4+ {[%clk 0:02:49]} Kf7
{[%clk 0:06:10]} 35. Rad1 {[%clk 0:01:04]} Nd5 {[%clk 0:04:53]} 36. Nh6+
{[%clk 0:01:30]} Kf6 {[%clk 0:05:22]} 37. Ng4+ {[%clk 0:01:58]} Kf7
{[%clk 0:05:49]} 38. Rc1 {[%clk 0:00:57]} Bb5 {[%clk 0:04:49]} 39. Nh6+
{[%clk 0:00:58]} Kf6 {[%clk 0:04:59]} 40. Ng4+ {[%clk 0:01:15]} Kf7 41. Nh6+
{[%clk 0:21:05]} Kf6 {[%clk 0:36:22]} 42. Rg3 {[%clk 0:20:18]} e6
{[%clk 0:28:46]} 43. Ng8+ {[%clk 0:11:49]} Kf7 {[%clk 0:28:57]} 44. cxd6
{[%clk 0:11:19]} Rxg8 {[%clk 0:25:29]} 45. Rxg8 {[%clk 0:11:09]} Nf6+
{[%clk 0:25:51]} 46. Ke3 {[%clk 0:06:11]} Nxg8 {[%clk 0:25:43]} 47. d7
{[%clk 0:05:59]} Ke7 {[%clk 0:26:08]} 48. fxe6 Nf6 {[%clk 0:22:42]} 49. Kd4
{[%clk 0:04:23]} Nxd7 {[%clk 0:11:48]} 50. exd7 {[%clk 0:04:43]} Kxd7
{[%clk 0:12:16]} 51. Rg1 {[%clk 0:04:19]} Kd6 {[%clk 0:12:43]} 52. Rg7
{[%clk 0:04:01]} c5+ {[%clk 0:13:10]} 53. Kc3 {[%clk 0:03:33]} h5
{[%clk 0:13:37]} 54. Rg6+ {[%clk 0:02:45]} Kc7 {[%clk 0:14:04]} 55. Rg5
{[%clk 0:03:01]} Be2 {[%clk 0:14:31]} 56. Rxc5+ {[%clk 0:03:17]} Kd6
{[%clk 0:14:16]} 57. Kd4 {[%clk 0:03:02]} a6 {[%clk 0:14:15]} 58. a3
{[%clk 0:03:17]} Bf3 {[%clk 0:14:25]} 59. Rf5 {[%clk 0:03:28]} Be2
{[%clk 0:14:45]} 60. Ke3 {[%clk 0:02:50]} Ke6 {[%clk 0:15:12]} 61. Rg5
{[%clk 0:02:35]} Kf6 {[%clk 0:15:30]} 62. Rc5 {[%clk 0:02:48]} Bd1
{[%clk 0:15:42]} 63. Ra5 {[%clk 0:02:58]} 1-0

[Event "WCO2014"]
[Site "Tromso"]
[Date "2014.08.09"]
[Round "7.18"]
[WhiteID "1705024"]
[White "Agrest Evgenij"]
[BlackID "2285525"]
[Black "Anton Guijarro David"]
[Result "0-1"]
[LiveChessVersion "1.4.3"]
[BlackElo "2624"]
[WhiteElo "2595"]

1. c4 {[%clk 1:30:50]} f5 {[%clk 1:30:50]} 2. Nf3 {[%clk 1:30:54]} Nf6
{[%clk 1:31:03]} 3. g3 {[%clk 1:30:51]} g6 {[%clk 1:31:16]} 4. b4
{[%clk 1:30:43]} Bg7 {[%clk 1:30:53]} 5. Bb2 {[%clk 1:30:55]} O-O
{[%clk 1:31:13]} 6. Bg2 {[%clk 1:31:14]} d6 {[%clk 1:31:36]} 7. d4
{[%clk 1:31:24]} c5 {[%clk 1:31:37]} 8. a3 {[%clk 1:21:19]} cxd4 {[%clk 1:32:01]}
9. Nxd4 {[%clk 1:21:07]} a6 {[%clk 1:32:19]} 10. O-O {[%clk 1:20:25]} e5
{[%clk 1:32:35]} 11. Nc2 {[%clk 1:17:59]} Nc6 {[%clk 1:27:24]} 12. Nc3
{[%clk 1:16:49]} e4 {[%clk 1:27:14]} 13. Ne3 {[%clk 1:13:24]} Be6
{[%clk 1:26:27]} 14. Rc1 {[%clk 1:07:16]} Rc8 {[%clk 1:23:21]} 15. Ba1
{[%clk 0:58:58]} Ne5 {[%clk 1:17:31]} 16. Ncd5 {[%clk 0:57:07]} Nxd5
{[%clk 1:08:01]} 17. cxd5 {[%clk 0:56:34]} Rxc1 {[%clk 1:08:10]} 18. Qxc1
{[%clk 0:56:46]} Bd7 {[%clk 1:08:35]} 19. Qd2 {[%clk 0:46:00]} f4
{[%clk 1:01:39]} 20. Nc2 {[%clk 0:32:01]} f3 {[%clk 0:56:31]} 21. exf3
{[%clk 0:31:52]} exf3 {[%clk 0:56:48]} 22. Bh1 {[%clk 0:32:20]} Nc4
{[%clk 0:55:40]} 23. Qc1 {[%clk 0:29:06]} Bxa1 {[%clk 0:54:36]} 24. Qxa1
{[%clk 0:29:29]} Ne5 {[%clk 0:53:37]} 25. Re1 {[%clk 0:28:39]} g5
{[%clk 0:52:13]} 26. Ne3 {[%clk 0:22:58]} g4 {[%clk 0:47:43]} 27. Qd4
{[%clk 0:21:13]} Qf6 {[%clk 0:42:20]} 28. Qb6 {[%clk 0:15:47]} Nd3
{[%clk 0:36:09]} 29. Rf1 {[%clk 0:14:22]} Qe5 {[%clk 0:30:30]} 30. Qc7
{[%clk 0:09:18]} Bb5 {[%clk 0:19:29]} 31. Nxg4 {[%clk 0:04:49]} Nxf2
{[%clk 0:16:11]} 32. Nh6+ {[%clk 0:04:50]} Kh8 {[%clk 0:16:40]} 33. Bxf3
{[%clk 0:05:12]} Nh3+ {[%clk 0:16:13]} 34. Kh1 {[%clk 0:05:38]} Qg7
{[%clk 0:15:31]} 0-1

[Event "WCO2014"]
[Site "Tromso"]
[Date "2014.08.09"]
[Round "7.19"]
[WhiteID "2200015"]
[White "Illescas Cordoba Miguel"]
[BlackID "1706446"]
[Black "Tikkanen Hans"]
[Result "1/2-1/2"]
[LiveChessVersion "1.4.3"]
[BlackElo "2559"]
[WhiteElo "2618"]

1. d4 {[%clk 1:30:57]} e6 {[%clk 1:30:57]} 2. c4 {[%clk 1:30:29]} Nf6
{[%clk 1:31:23]} 3. Nf3 {[%clk 1:30:28]} c5 {[%clk 1:31:25]} 4. d5
{[%clk 1:30:22]} b5 {[%clk 1:31:41]} 5. Bg5 {[%clk 1:30:41]} exd5
{[%clk 1:32:01]} 6. cxd5 {[%clk 1:31:03]} d6 {[%clk 1:32:25]} 7. e4
{[%clk 1:26:55]} a6 {[%clk 1:32:29]} 8. a4 {[%clk 1:26:59]} Be7 {[%clk 1:32:43]}
9. Bxf6 {[%clk 1:09:21]} Bxf6 {[%clk 1:32:21]} 10. axb5 {[%clk 1:09:43]} Bxb2
{[%clk 0:56:44]} 11. Ra2 {[%clk 1:10:09]} Bf6 {[%clk 0:57:07]} 12. bxa6
{[%clk 1:07:16]} Qb6 {[%clk 0:44:13]} 13. Nbd2 {[%clk 1:05:53]} O-O
{[%clk 0:43:42]} 14. Bc4 {[%clk 1:01:11]} Bxa6 {[%clk 0:28:49]} 15. O-O
{[%clk 1:00:14]} Nd7 {[%clk 0:28:58]} 16. Qc2 {[%clk 0:52:21]} Bxc4
{[%clk 0:29:03]} 17. Nxc4 {[%clk 0:52:35]} Qc7 {[%clk 0:29:31]} 18. Rxa8
{[%clk 0:40:24]} Rxa8 {[%clk 0:29:58]} 19. Rb1 {[%clk 0:40:49]} Bd4
{[%clk 0:18:48]} 20. g3 {[%clk 0:40:17]} Ne5 {[%clk 0:14:52]} 21. Nfxe5
{[%clk 0:39:51]} dxe5 {[%clk 0:15:08]} 22. Qb3 {[%clk 0:38:21]} Rd8
{[%clk 0:01:27]} 23. d6 {[%clk 0:24:00]} Qc6 {[%clk 0:01:56]} 24. Qb6
{[%clk 0:19:46]} Qxb6 {[%clk 0:02:20]} 25. Rxb6 {[%clk 0:20:13]} Kf8
{[%clk 0:02:40]} 26. Rb7 {[%clk 0:19:25]} Ke8 {[%clk 0:02:56]} 27. Kg2
{[%clk 0:18:57]} Rd7 {[%clk 0:03:07]} 28. Rb8+ {[%clk 0:14:34]} Rd8
{[%clk 0:03:36]} 29. Rb7 {[%clk 0:09:47]} Rd7 {[%clk 0:04:05]} 30. Rb6
{[%clk 0:06:36]} f6 {[%clk 0:01:57]} 31. f4 {[%clk 0:06:45]} Ra7 {[%clk 0:01:19]}
32. Rb8+ {[%clk 0:07:02]} Kd7 {[%clk 0:01:36]} 33. Rg8 {[%clk 0:07:20]} Kc6
{[%clk 0:01:52]} 34. Rb8 {[%clk 0:05:07]} g5 {[%clk 0:01:36]} 35. fxg5
{[%clk 0:05:12]} fxg5 {[%clk 0:02:05]} 36. Kf3 {[%clk 0:04:10]} h5
{[%clk 0:02:02]} 37. Ke2 {[%clk 0:04:22]} Rf7 {[%clk 0:01:22]} 38. Rc8+
{[%clk 0:02:21]} Kd7 {[%clk 0:01:11]} 39. Rh8 {[%clk 0:02:03]} Kc6
{[%clk 0:00:45]} 40. Rb8 {[%clk 0:00:39]} g4 41. Rb6+ {[%clk 0:18:51]} Kd7
{[%clk 0:31:26]} 42. Rb7+ {[%clk 0:19:07]} Ke6 {[%clk 0:29:00]} 43. Rb8
{[%clk 0:19:34]} Kd7 {[%clk 0:19:17]} 44. Rh8 {[%clk 0:18:24]} Kc6
{[%clk 0:16:47]} 45. Rxh5 {[%clk 0:18:13]} Rf2+ {[%clk 0:16:52]} 46. Kd3
{[%clk 0:16:18]} Rf3+ {[%clk 0:17:13]} 47. Kd2 {[%clk 0:16:23]} Rf2+
{[%clk 0:17:24]} 48. Ke1 {[%clk 0:16:21]} Rc2 {[%clk 0:17:41]} 49. Nxe5+
{[%clk 0:15:54]} Bxe5 {[%clk 0:18:05]} 50. Rxe5 {[%clk 0:16:22]} Kxd6
{[%clk 0:18:29]} 51. Rd5+ {[%clk 0:15:50]} Ke6 {[%clk 0:18:29]} 52. Rh5
{[%clk 0:15:50]} c4 {[%clk 0:18:08]} 53. Kd1 {[%clk 0:16:19]} Rg2
{[%clk 0:18:08]} 54. Rg5 {[%clk 0:16:19]} 1/2-1/2

[Event "WCO2014"]
[Site "Tromso"]
[Date "2014.08.09"]
[Round "7.20"]
[WhiteID "1704060"]
[White "Berg Emanuel"]
[BlackID "3503054"]
[Black "Vazquez Igarza Renier"]
[Result "1/2-1/2"]
[LiveChessVersion "1.4.3"]
[BlackElo "2603"]
[WhiteElo "2554"]

1. e4 {[%clk 1:30:57]} e5 {[%clk 1:30:53]} 2. Nf3 {[%clk 1:31:21]} Nf6
{[%clk 1:31:18]} 3. Nxe5 {[%clk 1:31:36]} d6 {[%clk 1:31:43]} 4. Nf3
{[%clk 1:31:54]} Nxe4 {[%clk 1:32:07]} 5. d4 {[%clk 1:32:02]} d5 {[%clk 1:32:31]}
6. Bd3 {[%clk 1:31:35]} Bd6 {[%clk 1:32:54]} 7. O-O {[%clk 1:30:05]} O-O
{[%clk 1:33:17]} 8. Re1 {[%clk 1:20:19]} Bf5 {[%clk 1:32:06]} 9. Nc3
{[%clk 1:16:11]} Nxc3 {[%clk 1:31:46]} 10. bxc3 {[%clk 1:16:38]} Qd7
{[%clk 1:31:06]} 11. Rb1 {[%clk 1:00:11]} b6 {[%clk 1:28:32]} 12. Ne5
{[%clk 0:54:01]} Bxe5 {[%clk 1:28:56]} 13. Rxe5 {[%clk 0:53:34]} Bxd3
{[%clk 1:24:49]} 14. cxd3 {[%clk 0:53:33]} Nc6 {[%clk 1:23:51]} 15. Re1
{[%clk 0:53:19]} Rfe8 {[%clk 1:21:44]} 16. Bf4 {[%clk 0:52:42]} Rxe1+
{[%clk 1:17:12]} 17. Qxe1 {[%clk 0:50:35]} Re8 {[%clk 1:17:25]} 18. Qd2
{[%clk 0:49:49]} Nd8 {[%clk 1:16:04]} 19. h3 {[%clk 0:41:27]} h6 {[%clk 1:07:19]}
20. Re1 {[%clk 0:34:36]} Rxe1+ {[%clk 1:05:40]} 21. Qxe1 {[%clk 0:35:04]} Ne6
{[%clk 1:05:47]} 22. Bg3 {[%clk 0:34:26]} Qb5 {[%clk 0:56:43]} 23. Qe2
{[%clk 0:31:12]} Qc6 {[%clk 0:45:16]} 24. Qb2 {[%clk 0:28:59]} f6
{[%clk 0:38:52]} 25. Qa3 {[%clk 0:25:50]} Kf7 {[%clk 0:35:23]} 26. Qxa7
{[%clk 0:25:07]} Qxc3 {[%clk 0:24:42]} 27. Qb7 {[%clk 0:25:24]} Qxd4
{[%clk 0:16:00]} 28. Qc6 {[%clk 0:11:16]} Ke7 {[%clk 0:14:06]} 29. Bxc7
{[%clk 0:10:08]} Nxc7 {[%clk 0:09:33]} 30. Qxc7+ {[%clk 0:10:30]} Kf8
{[%clk 0:09:57]} 31. Qd8+ {[%clk 0:09:58]} Kf7 {[%clk 0:10:21]} 1/2-1/2

[Event "WCO2014"]
[Site "Tromso"]
[Date "2014.08.09"]
[Round "7.20"]
[WhiteID "14603853"]
[White "Lenic Luka"]
[BlackID "3901211"]
[Black "Iturrizaga Bonelli Eduardo"]
[Result "1-0"]
[LiveChessVersion "1.4.3"]
[BlackElo "2653"]
[WhiteElo "2659"]

1. d4 {[%clk 1:30:58]} Nf6 {[%clk 1:30:53]} 2. c4 {[%clk 1:31:22]} e6
{[%clk 1:31:07]} 3. Nc3 {[%clk 1:31:39]} Bb4 {[%clk 1:31:18]} 4. e3
{[%clk 1:32:03]} O-O {[%clk 1:31:35]} 5. Bd3 {[%clk 1:32:28]} c5 {[%clk 1:31:44]}
6. Nf3 {[%clk 1:32:04]} d5 {[%clk 1:30:11]} 7. O-O {[%clk 1:32:20]} dxc4
{[%clk 1:27:53]} 8. Bxc4 {[%clk 1:32:43]} Nc6 {[%clk 1:28:16]} 9. a3
{[%clk 1:28:30]} Bxc3 {[%clk 1:26:51]} 10. bxc3 {[%clk 1:28:53]} Qc7
{[%clk 1:27:17]} 11. h3 {[%clk 1:27:09]} e5 {[%clk 1:24:37]} 12. Bb2
{[%clk 1:21:12]} Bf5 {[%clk 1:25:01]} 13. Ba2 {[%clk 1:15:13]} Rad8
{[%clk 1:17:40]} 14. Qe2 {[%clk 0:59:13]} Rfe8 {[%clk 1:10:44]} 15. d5
{[%clk 0:50:02]} b5 {[%clk 0:50:46]} 16. c4 {[%clk 0:29:34]} Na5 {[%clk 0:05:55]}
17. Nd2 {[%clk 0:29:11]} Nxc4 {[%clk 0:05:05]} 18. Bxc4 {[%clk 0:28:37]} bxc4
{[%clk 0:05:31]} 19. e4 {[%clk 0:29:05]} Nxd5 {[%clk 0:05:57]} 20. exd5
{[%clk 0:27:22]} Bd3 {[%clk 0:05:19]} 21. Qf3 {[%clk 0:23:24]} e4
{[%clk 0:01:26]} 22. Qe3 {[%clk 0:14:16]} f5 {[%clk 0:01:39]} 23. g3
{[%clk 0:12:52]} f4 {[%clk 0:00:35]} 24. Qxf4 {[%clk 0:10:56]} Qb7
{[%clk 0:00:37]} 25. Bc3 {[%clk 0:10:21]} Bxf1 {[%clk 0:00:32]} 26. Nxf1
{[%clk 0:09:45]} Rxd5 {[%clk 0:00:51]} 27. Rc1 {[%clk 0:06:58]} Rd3
{[%clk 0:01:18]} 28. Qg4 {[%clk 0:06:21]} Qf7 {[%clk 0:00:46]} 29. Ne3
{[%clk 0:05:32]} Rf8 {[%clk 0:01:00]} 30. Nf5 {[%clk 0:04:43]} h5
{[%clk 0:01:28]} 31. Qg5 {[%clk 0:03:24]} Qd7 {[%clk 0:00:55]} 32. Ne7+
{[%clk 0:01:19]} Kf7 {[%clk 0:01:24]} 33. Ng6 {[%clk 0:01:32]} 1-0

[Event "WCO2014"]
[Site "Tromso"]
[Date "2014.08.09"]
[Round "7.19"]
[WhiteID "3900487"]
[White "Rohl Montes Juan Armando"]
[BlackID "14602377"]
[Black "Beliavsky Alexander G"]
[Result "1/2-1/2"]
[LiveChessVersion "1.4.3"]
[BlackElo "2618"]
[WhiteElo "2390"]

1. e4 {[%clk 1:30:25]} e5 {[%clk 1:30:45]} 2. Nf3 {[%clk 1:30:18]} Nc6
{[%clk 1:31:08]} 3. Nc3 {[%clk 1:29:44]} Nf6 {[%clk 1:26:27]} 4. d4
{[%clk 1:29:24]} Bb4 {[%clk 1:21:28]} 5. Nxe5 {[%clk 1:20:17]} Qe7
{[%clk 1:17:56]} 6. Nxc6 {[%clk 0:52:10]} Qxe4+ {[%clk 1:17:34]} 7. Be2
{[%clk 0:50:51]} dxc6 {[%clk 1:10:13]} 8. O-O {[%clk 0:46:15]} Qh4
{[%clk 1:09:54]} 9. Re1 {[%clk 0:35:47]} O-O {[%clk 1:10:03]} 10. g3
{[%clk 0:35:22]} Qh3 {[%clk 1:10:26]} 11. Bf1 {[%clk 0:35:47]} Qd7
{[%clk 1:07:08]} 12. Bg5 {[%clk 0:31:17]} Nd5 {[%clk 1:03:04]} 13. Bd2
{[%clk 0:28:10]} Nxc3 {[%clk 0:59:02]} 14. bxc3 {[%clk 0:27:42]} Bd6
{[%clk 0:54:59]} 15. Bd3 {[%clk 0:25:52]} Qg4 {[%clk 0:48:11]} 16. Be2
{[%clk 0:24:19]} Qg6 {[%clk 0:47:55]} 17. Bd3 {[%clk 0:24:40]} Bf5
{[%clk 0:47:18]} 18. Qf3 {[%clk 0:25:02]} Bg4 {[%clk 0:40:05]} 19. Qe3
{[%clk 0:21:26]} Qh5 {[%clk 0:38:35]} 20. c4 {[%clk 0:21:27]} f5 {[%clk 0:30:03]}
21. f4 {[%clk 0:19:33]} Rfe8 {[%clk 0:23:00]} 22. Qf2 {[%clk 0:19:14]} Be7
{[%clk 0:23:04]} 23. c3 {[%clk 0:13:10]} c5 {[%clk 0:22:02]} 24. d5
{[%clk 0:12:01]} Bd6 {[%clk 0:21:42]} 25. Rxe8+ {[%clk 0:11:28]} Rxe8
{[%clk 0:22:09]} 26. Re1 {[%clk 0:11:56]} Kf8 {[%clk 0:21:26]} 27. Bc2
{[%clk 0:03:56]} Rxe1+ {[%clk 0:20:10]} 28. Qxe1 {[%clk 0:04:01]} Qe8
{[%clk 0:20:06]} 29. Qxe8+ {[%clk 0:03:25]} Kxe8 {[%clk 0:20:31]} 30. Kf2
{[%clk 0:03:52]} Ke7 {[%clk 0:18:25]} 31. Be3 {[%clk 0:02:56]} Kf6
{[%clk 0:18:31]} 32. Ba4 {[%clk 0:03:07]} Bh5 {[%clk 0:18:11]} 33. Bd2
{[%clk 0:02:57]} Bf7 {[%clk 0:17:05]} 34. Bd7 {[%clk 0:02:58]} g6
{[%clk 0:14:15]} 35. Ke3 {[%clk 0:02:55]} Ke7 {[%clk 0:14:20]} 36. Ba4
{[%clk 0:02:50]} Kd8 {[%clk 0:08:56]} 37. Kd3 {[%clk 0:02:38]} c6
{[%clk 0:07:25]} 38. dxc6 {[%clk 0:02:51]} b6 {[%clk 0:07:49]} 39. Bd1
{[%clk 0:02:38]} Kc7 {[%clk 0:06:28]} 40. Bf3 {[%clk 0:02:55]} Be7
{[%clk 0:06:33]} 41. a4 {[%clk 0:01:23]} Be8 {[%clk 0:06:44]} 42. Be1
{[%clk 0:00:52]} Bxc6 {[%clk 0:06:15]} 43. Bxc6 {[%clk 0:01:16]} Kxc6
{[%clk 0:06:43]} 44. Bd2 {[%clk 0:00:47]} Kd6 {[%clk 0:06:16]} 45. Bc1
{[%clk 0:00:47]} Ke6 {[%clk 0:06:37]} 46. Bd2 {[%clk 0:00:48]} Kf6
{[%clk 0:06:57]} 47. Bc1 {[%clk 0:00:32]} Kg7 {[%clk 0:07:17]} 48. Ke2
{[%clk 0:00:45]} Kh6 {[%clk 0:07:20]} 49. Kf3 {[%clk 0:00:32]} Kh5
{[%clk 0:07:18]} 50. h3 {[%clk 0:30:18]} h6 {[%clk 0:32:45]} 51. Bd2
{[%clk 0:27:09]} g5 {[%clk 0:33:03]} 52. fxg5 {[%clk 0:17:11]} hxg5
{[%clk 0:32:33]} 53. Be1 {[%clk 0:17:05]} Kg6 {[%clk 0:30:31]} 54. g4
{[%clk 0:16:46]} Bd6 {[%clk 0:29:33]} 55. Bd2 {[%clk 0:13:20]} Kf6
{[%clk 0:29:03]} 56. Be1 {[%clk 0:13:00]} Bf4 {[%clk 0:17:18]} 57. h4
{[%clk 0:12:04]} fxg4+ {[%clk 0:12:22]} 58. Kxg4 {[%clk 0:12:28]} Kg6
{[%clk 0:12:50]} 59. hxg5 {[%clk 0:11:29]} Bxg5 1/2-1/2